Ituri : Webster's Timeline history 1762-2007 (Record no. 3035)

MARC details
000 -LEADER
fixed length control field 01120cam a2200301 a 4500
001 - CONTROL NUMBER
control field 3498332
005 - DATE AND TIME OF LATEST TRANSACTION
control field 20150413122238.0
008 - FIXED-LENGTH DATA ELEMENTS--GENERAL INFORMATION
fixed length control field 940915s1993 txua b 000 0 eng
020 ## - INTERNATIONAL STANDARD BOOK NUMBER
International Standard Book Number 9780546880212
020 ## - INTERNATIONAL STANDARD BOOK NUMBER
International Standard Book Number 0546880215
040 ## - CATALOGING SOURCE
Original cataloging agency DLC
Transcribing agency TZ-ArACH
Modifying agency DLC
041 ## - LANGUAGE CODE
Language code of text/sound track or separate title Eng
043 ## - GEOGRAPHIC AREA CODE
Geographic area code f-cg---
050 00 - LIBRARY OF CONGRESS CALL NUMBER
Classification number DT650
Item number .P37
245 00 - TITLE STATEMENT
Title Ituri : Webster's Timeline history 1762-2007
Statement of responsibility, etc Philip M. Parker
Remainder of title Webster's Timeline history 1762-2007
Medium Printed book
260 ## - PUBLICATION, DISTRIBUTION, ETC. (IMPRINT)
Place of publication, distribution, etc San Diego, California
Name of publisher, distributor, etc ICON Group International
Date of publication, distribution, etc 2009
300 ## - PHYSICAL DESCRIPTION
Extent iii,46p. :
Dimensions 23 cm.
504 ## - BIBLIOGRAPHY, ETC. NOTE
Bibliography, etc Includes Index.
650 #0 - SUBJECT ADDED ENTRY--TOPICAL TERM
Topical term or geographic name as entry element Ituri
General subdivision History
9 (RLIN) 15491
650 #0 - SUBJECT ADDED ENTRY--TOPICAL TERM
9 (RLIN) 15492
651 #0 - SUBJECT ADDED ENTRY--GEOGRAPHIC NAME
9 (RLIN) 15493
700 1# - ADDED ENTRY--PERSONAL NAME
Personal name Pulford, Mary H.
9 (RLIN) 15494
906 ## - LOCAL DATA ELEMENT F, LDF (RLIN)
a 7
b cbc
c orignew
d 2
e ncip
f 19
g y-gencatlg
942 ## - ADDED ENTRY ELEMENTS (KOHA)
Source of classification or shelving scheme Library of Congress Classification
Koha item type Books
Holdings
Home library Current library Shelving location Date acquired Full call number Barcode Koha item type
African Court on Human and Peoples' Rights Library African Court on Human and Peoples' Rights Library   13/04/2015 DT650 .P37 10236813 Books
African Court on Human and Peoples' Rights Library African Court on Human and Peoples' Rights Library   13/04/2015 DT650 .P37 10236805 Books

African Court on Human and Peoples' Rights | For Inquiries Contact » +255 272 510 510